Ja Morant Quiz - Statistics

General Stats
  • This quiz has been taken 658 times
  • The average score is 12 of 16
Answer Stats
Hint Answer % Correct
number of kids 1
99%
number pick he was in the draft 2
98%
jersey number 12
93%
age 22
92%
year he was drafted 2019
90%
team he plays for grizzlies
89%
height 6'3
86%
who was picked over him zion williamson
79%
College he attended Murray State
76%
his vertical 44
74%
career high points 52
73%
pts average 21-22 regular season 27.4
72%
date of birth August 10, 1999
62%
weight 174
58%
what awards has he won so far MIP, roty
48%
His Real Name Temetrius Morant
35%
No matching quizzes found
Score Distribution
Percent of People with Each Score
Percentile by Number Answered
Your Score History
You have not taken this quiz